|
|
|
|
| LEADER |
00761cam a2200241 a 4500 |
| 001 |
0000094452 |
| 005 |
20100315090000.0 |
| 040 |
|
|
|a mod
|
| 041 |
|
|
|a eng
|
| 020 |
0 |
0 |
|a 0714645524
|
| 090 |
0 |
0 |
|a 363.32
|b TEC
|e 1993
|
| 245 |
0 |
0 |
|a Technology and terrorism
|c edited by Paul Wilkinson
|
| 260 |
0 |
0 |
|a London
|b Frank Cass
|c 1993
|
| 300 |
0 |
0 |
|a 153 p.
|c 22 cm
|
| 500 |
0 |
0 |
|a Includes bibliographical references and index
|
| 500 |
0 |
0 |
|a At head of title: National security management
|
| 650 |
0 |
0 |
|a Terrorism
|x Technological innovations
|
| 650 |
0 |
0 |
|a Terrorism
|x Prevention
|
| 650 |
0 |
0 |
|a Weapons
|
| 650 |
0 |
0 |
|a Terrorism
|x Security measure
|
| 700 |
1 |
1 |
|a Wilkinson
|h Paul
|
| 852 |
0 |
0 |
|a 01
|
| 999 |
|
|
|a 1000002037
|b Maktab Pertahanan Angkatan Tentera
|d BOOKS
|e Umum
|f MPAT
|j AVAILABLE
|q GOOD CONDITION
|